logo

Bir Sreshtho Munshi Abdur Rouf Library
Jhenaidah Cadet College

রেডহ্যাট / ফিডোরা লিনাক্স / (Record no. 12211)

MARC details
000 -LEADER
fixed length control field 00764nam a2200241 a 4500
001 - CONTROL NUMBER
JCCL Control Number 12211
003 - CONTROL NUMBER IDENTIFIER
JCCL marc code BD-JhCC
005 - DATE AND TIME OF LATEST TRANSACTION
control field 20210323133200.0
008 - FIXED-LENGTH DATA ELEMENTS--GENERAL INFORMATION
fixed length control field 210225b20022010bg a|||| ||a| 000 0 mul d
020 ## - INTERNATIONAL STANDARD BOOK NUMBER
International Standard Book Number 9789848812648
035 ## - SYSTEM CONTROL NUMBER
system control number (BD-JhCC)12211
040 ## - CATALOGING SOURCE
Original cataloging agency BD-JhCC
Modifying agency BD-JhCC
041 ## - LANGUAGE CODE
Language code of Book mul
082 ## - DEWEY DECIMAL CLASSIFICATION NUMBER
Classification number 005.4469
Author mark and Year SAR 2010
100 ## - MAIN ENTRY--PERSONAL NAME
Personal name সরকার,সুহৃদ
245 ## - TITLE STATEMENT
Title রেডহ্যাট / ফিডোরা লিনাক্স /
Statement of responsibility, etc সুহৃদ সরকার ।
260 ## - PUBLICATION, DISTRIBUTION, ETC. (IMPRINT)
Place of publication, distribution, etc ঢাকা:
Name of publisher, distributor, etc জ্ঞানকোষ প্রকাশনী;
Date of publication, distribution, etc ২০১০.
300 ## - PHYSICAL DESCRIPTION
Pagination 715 p. :
Other physical details ill;
Dimensions 22 cm.
650 ## - SUBJECT ADDED ENTRY--TOPICAL TERM
Topical term or geographic name as entry element Linux (Computer file)
650 ## - SUBJECT ADDED ENTRY--TOPICAL TERM
Topical term or geographic name as entry element Operating systems (Computers)
942 ## - ADDED ENTRY ELEMENTS (KOHA)
Source of classification or shelving scheme Dewey Decimal Classification
Koha item type Books
Holdings
Source of classification or shelving scheme Damaged status Not for loan Home library Current library Shelving location Date of accession Source of acquisition Cost, normal purchase price Total Checkouts Full call number Barcode Date last seen Copy number Koha item type
Dewey Decimal Classification     JCC Rouf Library JCC Rouf Library General Stacks 03/23/2021 Lt. Gen. Mahfuzur Rahman (10th intake) 390.00   005.4469 SAR 2010 16171 03/23/2021 C-1 Books

JCC Library | Contacts | JCC Home

Last Update on 23 September 2017
Copyright @ 2017-2020 JCC Rouf Library
Rouf Library, Jhenidah Cadet College (JCC), Bangladesh